000 00661nam a2200157 a 4500
001 000039108
005 20240304105159.0
008 130522s1998 dr c 000 0 spa d
040 _aDO-SdBNP
_bspa
_cBNPHU
110 _aRepública Dominicana
_bSecretaría de Estado de Salud Pública y Asistencia Social
_bConsejo Nacional de Población y Familia
_954778
245 1 0 _aNiñez, legislación y periodismo en República Dominicana.
260 _aSanto Domingo :
_bConsejo Nacional de Población y Familia,
_c1998.
300 _a89 p. :
_bretrs. ;
_c21 cm.
490 1 _aCuadernos de Población y Familia
_vno. 3
830 0 _aCuadernos de Población y Familia
_n3
_965317
999 _c38598
_d38598